Общая электротехника: учебное пособие

Dettagli Bibliografici
Altri autori: Кривоногов Н. А. Николай Алексеевич (редактор), Маклаков В. П. Владимир Петрович, Потапов Л. А. Леонид Алексеевич, Симутин В. З. Василий Захарьевич, Фроленко Г. К. Галина Константиновна
Riassunto:В учебном пособии рассматриваются общие методы анализа линейных и нелинейных электрических и магнитных цепей при постоянных, переменных и переходных токах и напряжениях, электрические машины, основы электропривода и электрических измерений. Учебное пособие предназначено для студентов, обучающихся по неэлектротехническим направлениям подготовки бакалавров технических вузов.
Lingua:russo
Pubblicazione: Ростов-на-Дону, Феникс, 2016
Serie:Высшее образование
Soggetti:
Natura: MixedMaterials Libro
KOHA link:https://koha.lib.tpu.ru/cgi-bin/koha/opac-detail.pl?biblionumber=315376

MARC

LEADER 00000nam0a2200000 4500
001 315376
005 20231102002755.0
010 |a 9785222257203 
035 |a (RuTPU)RU\TPU\book\340811 
090 |a 315376 
100 |a 20160301d2016 m y0rusy50 ca 
101 0 |a rus 
102 |a RU 
105 |a a j 001zy 
200 1 |a Общая электротехника  |e учебное пособие  |f Н. А. Кривоногов [и др.]  |g под ред. Л. А. Потапова 
210 |a Ростов-на-Дону  |c Феникс  |d 2016 
215 |a 223 с.  |c ил. 
225 1 |a Высшее образование 
320 |a Библиогр.: с. 218 
330 |a В учебном пособии рассматриваются общие методы анализа линейных и нелинейных электрических и магнитных цепей при постоянных, переменных и переходных токах и напряжениях, электрические машины, основы электропривода и электрических измерений. Учебное пособие предназначено для студентов, обучающихся по неэлектротехническим направлениям подготовки бакалавров технических вузов. 
606 1 |a Электротехника общая  |2 stltpush  |3 (RuTPU)RU\TPU\subj\20906  |9 45967 
610 1 |a электрические цепи 
610 1 |a понятия 
610 1 |a законы 
610 1 |a трехфазные электрические цепи 
610 1 |a линейные электрические цепи 
610 1 |a переходные процессы 
610 1 |a магнитные цепи 
610 1 |a трансформаторы 
610 1 |a электрические машины 
610 1 |a асинхронные двигатели 
610 1 |a синхронные двигатели 
610 1 |a электроприводы 
610 1 |a электрические измерения 
610 1 |a электрические величины 
610 1 |a измерительно-информационные системы 
610 1 |a учебные пособия 
675 |a 621.3(075.8)  |v 4 
701 1 |a Кривоногов  |b Н. А.  |g Николай Алексеевич 
701 1 |a Маклаков  |b В. П.  |g Владимир Петрович 
701 1 |a Потапов  |b Л. А.  |g Леонид Алексеевич 
701 1 |a Симутин  |b В. З.  |g Василий Захарьевич 
701 1 |a Фроленко  |b Г. К.  |g Галина Константиновна 
702 1 |a Потапов  |b Л. А.  |g Леонид Алексеевич  |4 340 
801 1 |a RU  |b 63413507  |c 20160301 
801 2 |a RU  |b 63413507  |c 20220112  |g RCR 
900 |a Электротехника 
900 |a Общая электротехника 
942 |c BK 
951 |l 8.1 
959 |a 25/20160225  |d 10  |e 490,00  |f ЧЗТЛ:1  |f УФ:9